ნორმალური ფორმატი
MARC ფორმატი
ჩანაწერი Personal Name
ჩანაწერთა რაოდენობა, რომელიც გამოყენებულია: 2
001 - CONTROL NUMBER
- control field: 16617
003 - CONTROL NUMBER IDENTIFIER
- control field: GE_BSU
005 - DATE AND TIME OF LATEST TRANSACTION
- control field: 20221228160542.0
008 - FIXED-LENGTH DATA ELEMENTS
- fixed length control field: 221228|| aca||aabn | a|a d
040 ## - CATALOGING SOURCE
- Original cataloging agency: GE_BSU
- Transcribing agency: GE_BSU
100 ## - HEADING--PERSONAL NAME
- Personal name: ვათეიშვილი, ჯუანშერ
670 ## - SOURCE DATA FOUND
- Source citation: Work cat.: (GE_BSU)55155: ვათეიშვილი, ჯუანშერ, საქართველო და ევროპის ქვეყნები =Georgia and European Countries : XIII-XIX სს. ურთიერთობათა ისტორიის ნარკვევები 7 ტომად ტ.1 /
